000
00259nam a2200109Ia 4500
005
20251222143247.0
008
251222s9999||||xx |||||||||||||| ||spa||
082
_a
869.566/D58
245
0
_a
José Carlos Mariátegui y Europa:
264
_b
Amauta
942
_c
LIB
999
_c
14826
_d
14826